000 00418nam a2200169 a 4500
001 0000-9169
003 ELIB.Books
008 110520 1966
035 _a(ELIB.Books)0000-9321
082 _a201
_bMar
100 _aMarty, Martin E.
245 _aVarieties of Unbelief
260 _bGarden City: Anchor Books
_c1966
650 _aPsychology
942 _2ddc
_cBK
998 _cbat
_e2011-05-20
999 _c9169
_d9169